[Event "老子"]
[Site "SchemingMind.com"]
[Date "2016.11.05"]
[Round "-"]
[White "Ilang"]
[Black "Scooter"]
[Result "1-0"]
[WhiteCountry "HUN"]
[BlackCountry "USA"]
[WhiteElo "2435"]
[WhiteRD "86"]
[BlackElo "1693"]
[BlackRD "56"]
[GameID "406030"]

1. e4 c6 2. d4 d5 3. e5 Bf5 4. Nf3 e6 5. Be2 h6 6. O-O Nd7 7. c3 c5 8. Be3 cxd4 9. Nxd4 Nxe5 10. Bb5+ Nd7
11. Nxf5 exf5 12. Qxd5 a6 13. Re1 Ne7 14. Bb6 Qc8 15. Ba4 g6 16. Qd4 Rg8 17. Nd2 Bg7 18. Qd6 Bf8 19. Nc4 g5 20. Qxd7+
1-0

[Event "老子"]
[Site "SchemingMind.com"]
[Date "2016.11.05"]
[Round "-"]
[White "Scooter"]
[Black "Ilang"]
[Result "0-1"]
[WhiteCountry "USA"]
[BlackCountry "HUN"]
[WhiteElo "1693"]
[WhiteRD "56"]
[BlackElo "2435"]
[BlackRD "86"]
[GameID "406031"]

1. d4 d5 2. Nf3 Nf6 3. Bf4 c5 4. c3 Qb6 5. Qb3 Nc6 6. Qxb6 axb6 7. Nbd2 Bf5 8. e3 c4 9. Nh4 Bd7 10. h3 h6
11. Nhf3 b5 12. Ne5 b4 13. Nxc6 Bxc6 14. cxb4 e6 15. a3 Bxb4 16. g4 c3 17. bxc3 Bxc3 18. Ra2 Ne4 19. Bd3 Nxd2 20. Rxd2 Rxa3
21. Ke2 Bxd2 22. Kxd2 Ra2+ 23. Ke1 Ra1+
0-1

[Event "老子"]
[Site "SchemingMind.com"]
[Date "2016.11.14"]
[Round "-"]
[White "Juan Jose Rivas Maceda"]
[Black "Ilang"]
[Result "1/2-1/2"]
[WhiteCountry "PER"]
[BlackCountry "HUN"]
[WhiteElo "2564"]
[WhiteRD "87"]
[BlackElo "2457"]
[BlackRD "86"]
[GameID "406388"]

1. e4 e5 2. Nf3 Nc6 3. Bb5 a6 4. Ba4 Nf6 5. O-O Be7 6. Re1 b5 7. Bb3 d6 8. c3 O-O 9. h3 Re8 10. d4 Bb7
11. Ng5 Rf8 12. Nf3 Re8 13. Ng5 Rf8 14. Nf3 Re8 15. Nbd2 Bf8 16. Bc2 g6 17. a4 exd4 18. Nxd4 Nxd4 19. cxd4 c5 20. d5 Bg7
21. Nf3 b4 22. a5 Qc7 23. Bd2 Rab8 24. Qc1 Re7= 25. Bg5 Rbe8 26. Ba4 Nxe4 27. Bxe7 Rxe7 28. Bb3 Nf6 29. Rxe7 Qxe7 30. Qc2 Qd8
31. Qe2 Ne8 32. Re1 Nc7 33. h4 Bf6 34. h5 Kf8 35. Bc4 Bc8 36. hxg6 hxg6 37. Nh2 Kg7 38. Nf1 Be5 39. b3 Bb7 40. Rd1 Bd4
41. Qe4 Qf6 42. Rd2 Ne6 43. Qg4 Nf4 44. Ng3 Be5 45. Qd7 Ba8 46. Ne4 Qh4 47. g3 Nh3+ 48. Kf1 Qxe4 49. Qxh3 Bb7 50. Re2 Qf3
51. Qg2 Qf6 52. Kg1 Qd8 53. Kh2 Bc8 54. Qf3 Bb7 55. Qh1 Bc8 56. Kg2 Bg4 57. f3 Bd7 58. Rxe5 dxe5 59. Qa1 Qf6 60. f4 exf4
61. Qxf6+ Kxf6 62. Bxa6 fxg3 63. Bc4 Ke5 64. a6 Bc8 65. Kxg3 Kd6 66. a7 Bb7 67. Kf4 Ba8 68. Bd3 g5+ 69. Kf5 g4 70. Be4 g3
71. Kf4 c4 72. bxc4 f5 73. Kxf5 b3 74. Kf4 Kc5 75. d6 b2 76. d7 Bxe4 77. d8=Q b1=Q 78. Qe7+ Kxc4 79. Qxe4+ Qxe4+ 80. Kxe4 g2
81. a8=Q g1=Q 82. Qd5+ Kb4=
1/2-1/2

[Event "老子"]
[Site "SchemingMind.com"]
[Date "2016.11.14"]
[Round "-"]
[White "Ilang"]
[Black "Juan Jose Rivas Maceda"]
[Result "1/2-1/2"]
[WhiteCountry "HUN"]
[BlackCountry "PER"]
[WhiteElo "2478"]
[WhiteRD "84"]
[BlackElo "2584"]
[BlackRD "99"]
[GameID "406389"]

1. e4 e5 2. Nf3 Nc6 3. Bb5 a6 4. Ba4 Nf6 5. O-O Be7 6. Re1 b5 7. Bb3 O-O 8. c3 d5 9. exd5 Nxd5 10. Nxe5 Nxe5
11. Rxe5 c6 12. d3 Bd6 13. Re1 Bf5 14. Qf3 Qh4 15. g3 Qh3 16. Bxd5 Bg4 17. Qg2 cxd5 18. Qxh3 Bxh3 19. Be3 Bf5 20. d4 Rfc8
21. a3 a5 22. Nd2 f6 23. Nf1 b4 24. axb4 axb4 25. Bd2 b3 26. Ne3 Be6 27. Kf1 g5 28. Ke2 Kf7 29. g4= Ra2 30. Rxa2 bxa2
31. Ra1 Ra8 32. h3 Kg6 33. f3 h5 34. Kd3 hxg4 35. hxg4 Bf4 36. Nc2 Bd6 37. Ne3 Bf4 38. Nc2 Bd6 39. Ne3 Bf4
1/2-1/2

[Event "老子"]
[Site "SchemingMind.com"]
[Date "2016.11.14"]
[Round "-"]
[White "Juan Jose Rivas Maceda"]
[Black "Scooter"]
[Result "1-0"]
[WhiteCountry "PER"]
[BlackCountry "USA"]
[WhiteElo "2560"]
[WhiteRD "106"]
[BlackElo "1693"]
[BlackRD "56"]
[GameID "406390"]

1. e4 c6 2. a3 d5 3. e5 Bf5 4. d4 e6 5. Be3 Nd7 6. Nf3 c5 7. c4 cxd4 8. Nxd4 Nxe5 9. cxd5 Qxd5 10. Qa4+ Nc6
11. Nxc6 bxc6 12. Nc3 Qd7 13. Rd1 Qc7 14. Nb5 cxb5 15. Bxb5+
1-0

[Event "老子"]
[Site "SchemingMind.com"]
[Date "2016.11.15"]
[Round "-"]
[White "Scooter"]
[Black "Juan Jose Rivas Maceda"]
[Result "0-1"]
[WhiteCountry "USA"]
[BlackCountry "PER"]
[WhiteElo "1738"]
[WhiteRD "54"]
[BlackElo "2584"]
[BlackRD "99"]
[GameID "406391"]

1. d4 d5 2. Nf3 Nf6 3. Bf4 c5 4. c3 Qb6 5. Qb3 c4 6. Qxb6 axb6 7. Bxb8 Rxb8 8. Nbd2 b5 9. e3 h6 10. Be2 Bf5
11. O-O Ra8 12. b3 e6 13. bxc4 bxc4 14. Nh4 Bh7 15. a4 Bd6 16. Nhf3 Ke7 17. Rfc1 Ra6 18. Ne1 Rha8 19. Bd1 b5 20. Ra2 g5
21. Rca1 g4 22. f3 h5 23. f4 b4 24. cxb4 Bxb4 25. Rb1 Bxb1
0-1

[Event "老子"]
[Site "SchemingMind.com"]
[Date "2016.11.28"]
[Round "-"]
[White "Steven DuCharme"]
[Black "Juan Jose Rivas Maceda"]
[Result "0-1"]
[WhiteCountry "USA"]
[BlackCountry "PER"]
[WhiteElo "1493"]
[WhiteRD "68"]
[BlackElo "2584"]
[BlackRD "99"]
[GameID "407197"]

1. Nf3 Nf6 2. b3 d5 3. Bb2 Bf5 4. g3 e6 5. Bg2 Nbd7 6. O-O c6 7. d3 Bc5 8. Nbd2 O-O 9. Nh4 Bg4 10. h3 Bh5
11. Ndf3 Ne8 12. d4 Be7 13. Bh1 Nd6 14. Ng2 Bxf3 15. exf3 b5 16. a4 b4 17. a5 Bf6 18. Qd2 Rb8 19. Rfe1 c5 20. Nf4 c4
21. c3 cxb3 22. Nh5 Nc4 23. Nxf6+ Qxf6 24. cxb4 Nxd2
0-1

[Event "老子"]
[Site "SchemingMind.com"]
[Date "2016.11.28"]
[Round "-"]
[White "Steven DuCharme"]
[Black "Ilang"]
[Result "0-1"]
[WhiteCountry "USA"]
[BlackCountry "HUN"]
[WhiteElo "1493"]
[WhiteRD "68"]
[BlackElo "2478"]
[BlackRD "84"]
[GameID "407198"]

1. e4 e5 2. Nf3 Nc6 3. Bc4 Bc5 4. O-O d6 5. c3 Bg4 6. h3 Bh5 7. b4 Bb6 8. a4 a6 9. d3 Nf6 10. a5 Ba7
11. Nbd2 O-O 12. g4 Bg6 13. Re1 d5 14. Bb3 Qd7 15. Qc2 dxe4 16. dxe4 Rfd8 17. Nh2 h5 18. Qd1 Nxb4 19. cxb4 Qd4
0-1

[Event "老子"]
[Site "SchemingMind.com"]
[Date "2016.11.28"]
[Round "-"]
[White "Ilang"]
[Black "Steven DuCharme"]
[Result "1-0"]
[WhiteCountry "HUN"]
[BlackCountry "USA"]
[WhiteElo "2478"]
[WhiteRD "84"]
[BlackElo "1493"]
[BlackRD "68"]
[GameID "407199"]

1. e4 d6 2. d4 Nf6 3. Nc3 g6 4. Nf3 Bg7 5. Be2 O-O 6. O-O a6 7. Re1 Nbd7 8. Bf4 b6 9. e5 dxe5 10. dxe5 Nh5
11. Bg5 h6 12. Be3 Nxe5 13. Nxe5 Bxe5 14. Bxh5 gxh5 15. Qxh5 Bg7 16. Rad1 Qe8 17. Bxh6
1-0

[Event "老子"]
[Site "SchemingMind.com"]
[Date "2016.11.28"]
[Round "-"]
[White "Steven DuCharme"]
[Black "Scooter"]
[Result "0-1"]
[WhiteCountry "USA"]
[BlackCountry "USA"]
[WhiteElo "1493"]
[WhiteRD "68"]
[BlackElo "1738"]
[BlackRD "54"]
[GameID "407200"]

1. d4 Nf6 2. g3 g6 3. Bg2 Bg7 4. Nf3 O-O 5. O-O d5 6. b3 Bg4 7. Bb2 Bxf3 8. Bxf3 e6 9. Nd2 Nbd7 10. e4 dxe4
11. Nxe4 Nxe4 12. Bxe4 c6 13. Re1 Nf6 14. c4 Nxe4 15. Rxe4 Qb6 16. c5 Qb4 17. a3 Qa5 18. b4 Qc7 19. Qc2 Rad8 20. Rd1 Rd5
21. f4 Rfd8 22. Qc4 b5 23. cxb6 axb6 24. a4 c5 25. b5 R8d7 26. Rc1 Qd8 27. Rd1 Bxd4+ 28. Bxd4 Rxd4 29. Rexd4 Rxd4 30. Rxd4 cxd4
31. Qd3 Qd5 32. h3 Qc5 33. Kf2 Qb4 34. Qc2 Qd6 35. Qc8+ Kg7 36. Qc6 Qb4 37. Qxb6 Qxa4 38. Qb8 Qc2+ 39. Kf1 Qd3+ 40. Kg2 Qe2+
41. Kg1= d3 42. Qe5+ Qxe5
0-1

[Event "老子"]
[Site "SchemingMind.com"]
[Date "2016.11.28"]
[Round "-"]
[White "Scooter"]
[Black "Steven DuCharme"]
[Result "1-0"]
[WhiteCountry "USA"]
[BlackCountry "USA"]
[WhiteElo "1738"]
[WhiteRD "54"]
[BlackElo "1493"]
[BlackRD "68"]
[GameID "407201"]

1. d4 Nf6 2. Nf3 d5 3. Bf4 e6 4. e3 Bd6 5. Bxd6 Qxd6 6. c3 O-O 7. Be2 Nbd7 8. O-O Re8 9. Nbd2 e5 10. dxe5 Nxe5
11. Nxe5 Qxe5 12. Nf3 Qe7 13. Rc1 Bg4 14. h3 Bxf3 15. Bxf3 c6 16. c4 dxc4 17. Rxc4 Rad8 18. Rd4 Rxd4 19. Qxd4 c5 20. Qc3 b6
21. Rd1 Rd8 22. Rxd8+ Qxd8 23. Kf1 Qd6 24. Ke2 h5 25. e4 Qe6 26. Qb3 Qxb3 27. axb3 Nd7 28. Kd3 Ne5+ 29. Ke3 g6 30. Kd2 f6
31. Be2 Kf7 32. Bc4+ Ke7 33. f4 Nxc4+ 34. bxc4 Ke6 35. h4 a6 36. Kc3 g5 37. hxg5 fxg5 38. fxg5 h4 39. b4
1-0

[Event "老子"]
[Site "SchemingMind.com"]
[Date "2016.12.06"]
[Round "-"]
[White "Juan Jose Rivas Maceda"]
[Black "Chessibelle"]
[Result "1-0"]
[WhiteCountry "PER"]
[BlackCountry "ENG"]
[WhiteElo "2584"]
[WhiteRD "99"]
[BlackElo "1135"]
[BlackRD "63"]
[GameID "407459"]

1. e4 e5 2. Nf3 Nc6 3. Bb5 Nge7 4. O-O d6 5. c3 h6 6. d4 Bd7 7. Be3 f6 8. Nh4 g5 9. Qh5+ Ng6 10. Nxg6 Be6
11. Nxh8+ Kd7 12. d5 Bg8 13. Qg6 Be7 14. Qf5+ Ke8 15. dxc6 Rb8 16. Qg6+ Kf8 17. Qxh6+ Ke8 18. Be2 bxc6 19. Qg6+ Kd7 20. Bg4+ Be6
21. Bxe6+ Kxe6 22. Qf5#
1-0

[Event "老子"]
[Site "SchemingMind.com"]
[Date "2016.12.06"]
[Round "-"]
[White "Chessibelle"]
[Black "Juan Jose Rivas Maceda"]
[Result "0-1"]
[WhiteCountry "ENG"]
[BlackCountry "PER"]
[WhiteElo "1135"]
[WhiteRD "63"]
[BlackElo "2584"]
[BlackRD "99"]
[GameID "407460"]

1. Nf3 Nf6 2. d4 d5 3. e3 e6 4. Bd2 Bd6 5. Be2 O-O 6. O-O b6 7. g3 Bb7 8. c3 c5 9. Bd3 Nc6 10. a3 a5
11. Ng5 a4 12. Bc2 h6 13. Nh3 Ba6 14. Re1 e5 15. f4 exd4 16. e4 dxe4 17. Bc1 e3 18. b3 Qc8 19. bxa4 Qxh3 20. Kh1 Ne5
21. Rg1 Bb7+
0-1

[Event "老子"]
[Site "SchemingMind.com"]
[Date "2016.12.06"]
[Round "-"]
[White "Steven DuCharme"]
[Black "Chessibelle"]
[Result "1-0"]
[WhiteCountry "USA"]
[BlackCountry "ENG"]
[WhiteElo "1493"]
[WhiteRD "68"]
[BlackElo "1135"]
[BlackRD "63"]
[GameID "407461"]

1. e4 e5 2. Nf3 Nc6 3. Bc4 h6 4. Nc3 f6 5. Bxg8 Rxg8 6. d4 d6 7. d5 Nb4 8. a3 Na6 9. Be3 b6 10. O-O g5
11. Nd2 Bd7 12. Qh5+ Ke7 13. h3 Be8 14. Qg4 Nc5 15. Bxc5 bxc5 16. Qe6#
1-0

[Event "老子"]
[Site "SchemingMind.com"]
[Date "2016.12.06"]
[Round "-"]
[White "Chessibelle"]
[Black "Steven DuCharme"]
[Result "0-1"]
[WhiteCountry "ENG"]
[BlackCountry "USA"]
[WhiteElo "1135"]
[WhiteRD "63"]
[BlackElo "1493"]
[BlackRD "68"]
[GameID "407462"]

1. Nf3 Nf6 2. d4 c6 3. Bd2 d5 4. e3 Bf5 5. Nc3 e6 6. Be2 Bd6 7. g3 h6 8. O-O Nbd7 9. a3 Qc7 10. b4 Nb6
11. Ne5 Bxe5 12. dxe5 Qxe5 13. f4 Qd6 14. Re1 a5 15. Qb1 axb4 16. Na2 c5 17. Bb5+ Ke7 18. Qb2 Rxa3 19. c3 Rha8 20. cxb4 c4
21. Bc1 Rb3 22. Qe2 Bg4 23. Qg2 Rxb4 24. Ba3 Rxa3 25. h3 Rxb5 26. hxg4 Ne4 27. Qh2 d4 28. Qh4+ f6 29. Qh5 Rxh5
0-1

[Event "老子"]
[Site "SchemingMind.com"]
[Date "2016.12.04"]
[Round "-"]
[White "Chessibelle"]
[Black "Ilang"]
[Result "0-1"]
[WhiteCountry "ENG"]
[BlackCountry "HUN"]
[WhiteElo "1135"]
[WhiteRD "63"]
[BlackElo "2478"]
[BlackRD "84"]
[GameID "407464"]

1. Nf3 Nf6 2. d4 d5 3. e3 e6 4. Nc3 c5 5. Bb5+ Nc6 6. O-O Qc7 7. g3 Bd7 8. a3 a6 9. Bd3 c4 10. Be2 Be7
11. b3 b5 12. a4 b4 13. Na2 c3 14. Bd3 a5 15. Ng5 e5 16. Re1 e4 17. Be2 h6 18. Nh3 Bxh3 19. f3 h5 20. Bf1 Qd7
21. Re2 exf3 22. Rf2 Bg4 23. Qe1 Ne4 24. Qd1 Nxf2 25. Kxf2 h4 26. Bd3 hxg3+ 27. Kxg3 Bh4+ 28. Kf4 g5#
0-1

[Event "老子"]
[Site "SchemingMind.com"]
[Date "2016.12.04"]
[Round "-"]
[White "Scooter"]
[Black "Chessibelle"]
[Result "1-0"]
[WhiteCountry "USA"]
[BlackCountry "ENG"]
[WhiteElo "1738"]
[WhiteRD "54"]
[BlackElo "1135"]
[BlackRD "63"]
[GameID "407465"]

1. d4 d5 2. Nf3 Nf6 3. Bf4 Nc6 4. e3 Bd7 5. Bb5 e6 6. O-O Be7 7. h3 O-O 8. Nbd2 Re8 9. c4 a6 10. Bxc6 Bxc6
11. c5 b6 12. b4 a5 13. Ne5 Bb7 14. a3 h6 15. c6 Ba6 16. Re1 Nh5 17. Qxh5 Rf8 18. Qg4 Kh8 19. Nd7 Rg8 20. Qh5 Bd3
21. Qxf7 g5 22. Be5+
1-0

[Event "老子"]
[Site "SchemingMind.com"]
[Date "2016.12.08"]
[Round "-"]
[White "Juan Jose Rivas Maceda"]
[Black "echecs"]
[Result "1-0"]
[WhiteCountry "PER"]
[BlackCountry "ENG"]
[WhiteElo "2584"]
[WhiteRD "99"]
[BlackElo "1858"]
[BlackRD "68"]
[GameID "407534"]

1. e4 e5 2. Nf3 Nc6 3. Bb5 d6 4. d4 Bd7 5. Nc3 exd4 6. Nxd4 a6 7. Nxc6 bxc6 8. Bc4 Be7 9. Qh5 g6 10. Qf3 Nf6
11. e5 dxe5 12. Bh6 Rb8 13. O-O-O Qc8 14. Rhe1 Qb7 15. b3 Bg4 16. Qg3 Bxd1 17. Qxe5 Kd8 18. Qxe7+ Kc8 19. Be6+ fxe6 20. Qxe6+ Kd8
21. Rxd1+
1-0

[Event "老子"]
[Site "SchemingMind.com"]
[Date "2016.12.08"]
[Round "-"]
[White "echecs"]
[Black "Juan Jose Rivas Maceda"]
[Result "0-1"]
[WhiteCountry "ENG"]
[BlackCountry "PER"]
[WhiteElo "1843"]
[WhiteRD "63"]
[BlackElo "2571"]
[BlackRD "95"]
[GameID "407535"]

1. e4 e5 2. Nf3 Nc6 3. Bc4 Bc5 4. c3 Nf6 5. d3 Bb6 6. O-O O-O 7. Bg5 d6 8. Nbd2 h6 9. Bh4 g5 10. Nxg5 hxg5
11. Bxg5 Kg7 12. Qf3 Rh8 13. h3 Qe7 14. Qg3 Nh5 15. Qh4 f6 16. Be3 Kf8 17. g4 Qg7 18. Kh2 Nf4 19. Qg3 Rxh3+ 20. Qxh3 Nxh3
21. Kxh3 Bxg4+ 22. Kh2 Ke7 23. Rg1 Rh8+
0-1

[Event "老子"]
[Site "SchemingMind.com"]
[Date "2016.12.08"]
[Round "-"]
[White "Steven DuCharme"]
[Black "echecs"]
[Result "0-1"]
[WhiteCountry "USA"]
[BlackCountry "ENG"]
[WhiteElo "1493"]
[WhiteRD "68"]
[BlackElo "1858"]
[BlackRD "68"]
[GameID "407536"]

1. c4 c5 2. b3 b6 3. Bb2 Bb7 4. d4 cxd4 5. Bxd4 Nc6 6. Bc3 e6 7. e3 Nf6 8. Nf3 Be7 9. Bd3 O-O 10. Nbd2 Qc7
11. O-O Nb4 12. Bb1 Rad8 13. a3 Na6 14. Qc2 g6 15. Ra2 Nh5 16. g4 Ng7 17. h4 Rc8 18. Bxg7 Kxg7 19. h5 Nc5 20. b4 Bxf3
21. Nxf3 Nb7 22. Rc1 f5 23. hxg6 hxg6 24. gxf5 exf5 25. e4 Qf4 26. Qd3 Qxc1+ 27. Kg2 Rh8
0-1

[Event "老子"]
[Site "SchemingMind.com"]
[Date "2016.12.08"]
[Round "-"]
[White "echecs"]
[Black "Steven DuCharme"]
[Result "1-0"]
[WhiteCountry "ENG"]
[BlackCountry "USA"]
[WhiteElo "1843"]
[WhiteRD "63"]
[BlackElo "1488"]
[BlackRD "54"]
[GameID "407537"]

1. e4 c5 2. c3 e6 3. d4 cxd4 4. cxd4 b6 5. Nc3 Bb7 6. a3 h6 7. Nf3 Nf6 8. Bd3 d6 9. O-O Be7 10. b4 a6
11. Bb2 Nbd7 12. Qe2 O-O 13. Rfd1 Rc8 14. Bxa6 Bxa6 15. Qxa6 Nb8 16. Qb5 Qc7 17. Rac1 Qc6 18. Qd3 Qb7 19. Re1 Rc7 20. e5 dxe5
21. Nxe5 Rfc8 22. Nb5 Rxc1 23. Rxc1 Rxc1+ 24. Bxc1 Qe4 25. Qxe4 Nxe4 26. Nc4 Nd7 27. f3 Nef6 28. Bf4 g5 29. Bc7 Ne8 30. Bxb6 Nxb6
31. Nxb6 Nd6 32. Nxd6 Bxd6 33. Nc4 Bb8 34. b5 Kf8 35. a4 Ke8 36. a5 Kd8 37. b6
1-0

[Event "老子"]
[Site "SchemingMind.com"]
[Date "2016.12.08"]
[Round "-"]
[White "Ilang"]
[Black "echecs"]
[Result "1-0"]
[WhiteCountry "HUN"]
[BlackCountry "ENG"]
[WhiteElo "2478"]
[WhiteRD "84"]
[BlackElo "1858"]
[BlackRD "68"]
[GameID "407538"]

1. e4 e5 2. Nf3 Nc6 3. Bb5 d6 4. d4 exd4 5. Nxd4 Bd7 6. O-O Be7 7. Nc3 Ne5 8. f4 Bxb5 9. Ncxb5 Ng6 10. Nf5 Bf6
11. e5 dxe5 12. Qe2 N8e7 13. fxe5 Nxe5 14. Rd1 Qc8 15. Nbd6+
1-0

[Event "老子"]
[Site "SchemingMind.com"]
[Date "2016.12.08"]
[Round "-"]
[White "echecs"]
[Black "Ilang"]
[Result "0-1"]
[WhiteCountry "ENG"]
[BlackCountry "HUN"]
[WhiteElo "1858"]
[WhiteRD "68"]
[BlackElo "2478"]
[BlackRD "84"]
[GameID "407539"]

1. e4 e5 2. Nf3 Nc6 3. Bc4 Bc5 4. O-O Nf6 5. Nc3 d6 6. Ng5 O-O 7. Be2 Nd4 8. d3 c6 9. Na4 Bb4 10. a3 Ba5
11. b4 Bc7 12. Nb2 a5 13. c3 Nxe2+ 14. Qxe2 Bg4 15. Nf3 axb4 16. cxb4 d5 17. h3 Bh5 18. Bg5 h6 19. Bh4 Re8 20. Nd1 Bb6
21. Nc3 Bd4 22. Qc2 Bxc3 23. Qxc3 Bxf3 24. gxf3 Nxe4 25. fxe4 Qxh4 26. Kg2 Re6 27. exd5 Rg6+ 28. Kh2 Qf4+
0-1

[Event "老子"]
[Site "SchemingMind.com"]
[Date "2016.12.08"]
[Round "-"]
[White "echecs"]
[Black "Scooter"]
[Result "0-1"]
[WhiteCountry "ENG"]
[BlackCountry "USA"]
[WhiteElo "1858"]
[WhiteRD "68"]
[BlackElo "1738"]
[BlackRD "54"]
[GameID "407540"]

1. e4 c6 2. Nc3 d5 3. d4 dxe4 4. Nxe4 Bf5 5. Ng3 Bg6 6. h4 h6 7. h5 Bh7 8. Nf3 Qc7 9. Bd3 Bxd3 10. Qxd3 e6
11. Rh4 Nd7 12. Bf4 Bd6 13. Bxd6 Qxd6 14. Ne4 Qc7 15. O-O-O Ngf6 16. Ng3 O-O-O 17. Qa3 a6 18. Ne4 Nxe4 19. Rxe4 Nf6 20. Rh4 Nd5
21. Ne5 Rhf8 22. g3 Qe7 23. Qb3 Qg5+ 24. Kb1 Nf6 25. f4 Qf5 26. Qf3 Qe4 27. Qc3 Qe2 28. Rdh1 Ne4 29. Qa3 Nxg3 30. Qxg3 Rxd4
31. Qxg7 Rd1+
0-1

[Event "老子"]
[Site "SchemingMind.com"]
[Date "2016.12.08"]
[Round "-"]
[White "Scooter"]
[Black "echecs"]
[Result "0-1"]
[WhiteCountry "USA"]
[BlackCountry "ENG"]
[WhiteElo "1738"]
[WhiteRD "54"]
[BlackElo "1858"]
[BlackRD "68"]
[GameID "407541"]

1. d4 d6 2. Nf3 g6 3. Bf4 Bg7 4. e3 Nf6 5. Be2 O-O 6. O-O h6 7. Nbd2 Nh5 8. c4 Nxf4 9. exf4 c6 10. Re1 Nd7
11. Rc1 Nf6 12. b3 Qa5 13. Qc2 Bf5 14. Qb2 Rfe8 15. Nh4 Bd7 16. b4 Qd8 17. Nhf3 a6 18. Qb1 b5 19. c5 Nd5 20. g3 Bf5
21. Qb3 Qd7 22. a3 Be6 23. Qc2 a5 24. Qb2 axb4 25. axb4 Ra4 26. Ra1 Rxb4
0-1

[Event "老子"]
[Site "SchemingMind.com"]
[Date "2016.12.08"]
[Round "-"]
[White "echecs"]
[Black "Chessibelle"]
[Result "1-0"]
[WhiteCountry "ENG"]
[BlackCountry "ENG"]
[WhiteElo "1858"]
[WhiteRD "68"]
[BlackElo "1135"]
[BlackRD "63"]
[GameID "407542"]

1. e4 e5 2. Nf3 Nc6 3. Bc4 h6 4. d4 Bd6 5. dxe5 Nxe5 6. Nxe5 Bxe5 7. O-O g5 8. Nc3 Ne7 9. Qd5 Nxd5 10. Nxd5 c6
11. Ne3 O-O 12. c3 Kh7 13. Bd3 Qf6 14. Ng4 Qe6 15. Nxe5 Qxe5 16. f4 Qf6 17. e5+ Kg7 18. exf6+ Kxf6 19. fxg5+ Ke6 20. g6 d5
21. g7 Rg8 22. Bxh6 Bd7 23. Bh7 Rge8 24. g8=Q c5 25. Qxf7+ Kd6 26. Rf6+ Kc7 27. Bf4+ Kc8 28. Qxd5 Bc6 29. Bf5+ Bd7 30. Qxd7#
1-0

[Event "老子"]
[Site "SchemingMind.com"]
[Date "2016.12.08"]
[Round "-"]
[White "Chessibelle"]
[Black "echecs"]
[Result "0-1"]
[WhiteCountry "ENG"]
[BlackCountry "ENG"]
[WhiteElo "1135"]
[WhiteRD "63"]
[BlackElo "1858"]
[BlackRD "68"]
[GameID "407543"]

1. d4 d5 2. Nf3 Nf6 3. e3 Nc6 4. a3 Bg4 5. Be2 a6 6. b4 e6 7. Nbd2 Be7 8. Bb2 O-O 9. O-O Bh5 10. g3 Bg6
11. c3 Ne4 12. c4 Nxd2 13. Qxd2 Be4 14. a4 Nxb4 15. c5 a5 16. Bc3 Nc6 17. Ne5 Nxe5 18. dxe5 Bxc5 19. f3 Bf5 20. Bd1 b6
21. Bc2 Bxc2 22. Qxc2 Bxe3+ 23. Kg2 c5 24. f4 d4 25. Bb2 Qd5+ 26. Kh3 h6 27. Rfe1 g5 28. Qd1 Qe4 29. Qh5 Qg6 30. Qg4 gxf4
31. gxf4 Kh7 32. Re2 Rg8 33. Rg2 Qd3 34. Qf3 Rxg2 35. Qxg2 Bxf4+ 36. Kg4 Rg8+ 37. Kxf4 Qf5#
0-1

[Event "老子"]
[Site "SchemingMind.com"]
[Date "2016.12.16"]
[Round "-"]
[White "Juan Jose Rivas Maceda"]
[Black "Stephen Woodhouse"]
[Result "1-0"]
[WhiteCountry "PER"]
[BlackCountry "ENG"]
[WhiteElo "2584"]
[WhiteRD "99"]
[BlackElo "1890"]
[BlackRD "50"]
[GameID "408097"]

1. e4 e6 2. d4 d5 3. Nc3 Nf6 4. e5 Nfd7 5. f4 c5 6. Nf3 Nc6 7. Be3 cxd4 8. Nxd4 Bc5 9. Qd2 O-O 10. g3 Bxd4
11. Bxd4 Nxd4 12. Qxd4 Nb8 13. O-O-O Nc6 14. Qf2 Bd7 15. Kb1 a6 16. Bd3 Nb4 17. h4 Nxd3 18. Rxd3 Rc8 19. Rhd1 Rc4 20. Nxd5 exd5
21. Rxd5 Rc7 22. Qd4 Qc8 23. Rxd7
1-0

[Event "老子"]
[Site "SchemingMind.com"]
[Date "2016.12.17"]
[Round "-"]
[White "Steven DuCharme"]
[Black "Stephen Woodhouse"]
[Result "0-1"]
[WhiteCountry "USA"]
[BlackCountry "ENG"]
[WhiteElo "1488"]
[WhiteRD "54"]
[BlackElo "1924"]
[BlackRD "53"]
[GameID "408099"]

1. Nf3 e6 2. b3 f5 3. Bb2 Nf6 4. d3 Be7 5. Nbd2 O-O 6. g3 b6 7. Bg2 Bb7 8. O-O Qe8 9. Re1 Qh5 10. h3 g5
11. Nh2 Bxg2 12. Kxg2 g4 13. h4 Nc6 14. e4 f4 15. d4 f3+ 16. Nhxf3 gxf3+ 17. Nxf3 d5 18. e5 Ne4 19. Rh1 Rf7 20. Nd2 Qxd1
21. Raxd1 Nxd2 22. Rxd2 Raf8 23. f4 Rg7 24. Rf2 h5 25. c3 Kh7 26. Kh3 Bd8 27. Rc1 Ne7 28. Ba3 Rfg8 29. Rf3 Nf5 30. Rc2 Rxg3+
31. Rxg3 Rxg3+ 32. Kh2 Bxh4 33. Bc1 Rg4 34. Rg2 Kg6 35. Kh3 Rxg2 36. Kxg2 Be1 37. Bb2 Bd2
0-1

[Event "老子"]
[Site "SchemingMind.com"]
[Date "2016.12.17"]
[Round "-"]
[White "Stephen Woodhouse"]
[Black "Steven DuCharme"]
[Result "1-0"]
[WhiteCountry "ENG"]
[BlackCountry "USA"]
[WhiteElo "1890"]
[WhiteRD "50"]
[BlackElo "1493"]
[BlackRD "68"]
[GameID "408100"]

1. e4 d6 2. d4 Nf6 3. Nc3 Nbd7 4. f4 e5 5. Nf3 exd4 6. Qxd4 Be7 7. Bc4 Nb6 8. Bd3 c5 9. Qf2 c4 10. Be2 O-O
11. Nd4 a6 12. O-O Bd7 13. e5 dxe5 14. fxe5 Nfd5 15. Nxd5 Nxd5 16. Bxc4 Be6 17. Nxe6 fxe6 18. Qe2 Qb6+ 19. Kh1 Rxf1+ 20. Qxf1 Rf8
21. Qd3 Nf4 22. Qd7 Rd8 23. Be3 Qxe3 24. Qxe7 Ra8 25. Bxe6+ Nxe6 26. Qxe6+ Kh8 27. Rf1 Qe2 28. Qf7 h6 29. e6
1-0

[Event "老子"]
[Site "SchemingMind.com"]
[Date "2016.12.17"]
[Round "-"]
[White "Ilang"]
[Black "Stephen Woodhouse"]
[Result "1-0"]
[WhiteCountry "HUN"]
[BlackCountry "ENG"]
[WhiteElo "2478"]
[WhiteRD "84"]
[BlackElo "1890"]
[BlackRD "50"]
[GameID "408101"]

1. e4 e6 2. d4 d5 3. e5 c5 4. c3 Nc6 5. Nf3 Bd7 6. Be2 Rc8 7. O-O Nge7 8. Na3 cxd4 9. cxd4 Nf5 10. Nc2 Qb6
11. Kh1 Na5 12. g4 Ne7 13. Nfe1 Bb5 14. Nd3 Bxd3 15. Qxd3 Ng6 16. f4 Be7 17. f5 exf5 18. gxf5 Nf8 19. Ne3 Qc6 20. Bf3 Nd7
21. Bxd5 Qa4 22. b3 Qb4 23. Bxf7+
1-0

[Event "老子"]
[Site "SchemingMind.com"]
[Date "2016.12.17"]
[Round "-"]
[White "Stephen Woodhouse"]
[Black "Ilang"]
[Result "0-1"]
[WhiteCountry "ENG"]
[BlackCountry "HUN"]
[WhiteElo "1890"]
[WhiteRD "50"]
[BlackElo "2478"]
[BlackRD "84"]
[GameID "408102"]

1. e4 e5 2. Nf3 Nc6 3. d4 exd4 4. Nxd4 Nf6 5. Nc3 Bb4 6. Nxc6 bxc6 7. Bd3 d5 8. exd5 cxd5 9. O-O O-O 10. Bg5 c6
11. Qf3 Re8 12. Rfe1 Be7 13. Ne2 h6 14. Bh4 g5 15. Bg3 Bg4 16. Qe3 Bb4 17. Qc1 Bxe1 18. Qxe1 Qb6 19. b3 Re6 20. Kh1 Bxe2
0-1

[Event "老子"]
[Site "SchemingMind.com"]
[Date "2016.12.17"]
[Round "-"]
[White "echecs"]
[Black "Stephen Woodhouse"]
[Result "1-0"]
[WhiteCountry "ENG"]
[BlackCountry "ENG"]
[WhiteElo "1858"]
[WhiteRD "68"]
[BlackElo "1890"]
[BlackRD "50"]
[GameID "408103"]

1. e4 e6 2. Nf3 d5 3. exd5 exd5 4. d4 Bd6 5. Nc3 c6 6. Be2 Ne7 7. O-O O-O 8. Bg5 f6 9. Bd2 Bg4 10. h3 Bh5
11. Nh4 Bxe2 12. Qxe2 Nd7 13. Qe6+
1-0